Регионална библиотека "Любен Каравелов" - Русе

Пилигрим на Светлината (Запис номер 50632)

MARC детайли
000 -Лидер
Контролно поле с фиксирана дължина 01316nam a2200337 c 4500
003 - Код на организацията, давaща контролен номер
Контролно поле BLK
005 - Дата и час на последна редакция
Контролно поле 20250218114527.0
008 - Елементи от данни с фиксирана дължина
fixed length control field 180408b bul|||||r ||||||| ||bul||
010 ## - Наследен системен номер
LC control number KNG00054507000
020 ## - Международен стандартен номер на книга ISBN
Международен стандартен номер на книга ISBN 954-9548-48-1
040 ## - Източник на каталожния запис
Идентификатор на билиотеката - собственик на записа BLK
041 ## - Код за език
Код за езика на текст/звукозапис или на отделно заглавие Български
Код за езика КДБФ Български
080 ## - УДК
Текстов определител УДК Българска литература
УДК код - определител по УДК 821.163.2
УДК определител -1
УДК - код + определител 821.163.2-1
100 ## - Редна дума - Автор
Автор Кисьов, Роман Здравков
Дати, свързани с автора 1962 -
Автор - информация (биография) Илюстратор. Поет. Преводач на поезия от руски, арменски, румънски, сръбски, босненски и македонски езици.
R(LIN) 365909
139 ## - Редно поле
Редна дума Кисьов, Роман Здравков
Авторски знак Кис - К 60
245 10 - Сведения за заглавието
Заглавие Пилигрим на Светлината
Подзаглавни данни Стихотворения
Редно поле (дума) Роман Здравков Кисьов; рис. Роман Кисьов.
257 ## - Страна на издаване
Страна на създаване/издаване България
260 ## - Област на издателските данни
Име на издателя, разпространителя и проч. Авангард принт
Година на издаване 2003
300 ## - Физическа характеристика
Страници 96 с.
Илюстрации и др. с ил.
Размери/Мащаб 20 см
380 ## - Жанр
Жанр Худож. лит.
500 ## - Общи забележки
Забележка Офс. изд.
700 1# - Други автори (авторска отговорност)
Лично име Кисьов, Роман
Автороска отговорност (Описва отношението между автора и произведението) рис.
9 (RLIN) 368510
852 ## - Местоположение
Форматна сигнатура Цб 224236
852 ## - Местоположение
Форматна сигнатура К 821.163.2/К 60 Р
856 4# - Електронен адрес и достъп
Електронен формат pdf - файл
856 4# - Електронен адрес и достъп
Електронен формат pdf - файл
999 ## - СИСТЕМНИ КОНТРОЛНИ НОМЕРА
Koha biblionumber 50632
Koha biblioitemnumber 50632
942 ## - АРТИКУЛИ
Вид на библиотечния материал Книги
Скрит в OPAC Не
Периодичен библиозапис Да
944 ## - СЪЗДАВАНЕ И РЕДАКЦИЯ на ЗАПИСА
Създаване/Редакция Създаване
Дата на регистрацията/редакция 23.06.2005
Служител, извършил регистрацията/редакцията 30560
Статус, дата на статуса Геновева Генчева
944 ## - СЪЗДАВАНЕ И РЕДАКЦИЯ на ЗАПИСА
Създаване/Редакция Редакция
Дата на регистрацията/редакция 17.08.2005
999 ## - СИСТЕМНИ КОНТРОЛНИ НОМЕРА
Koha biblioitemnumber 50632
Наличности
Код за отписване Код за изгубен артикул Код за повреда Коз за рестрикции Код за отдаване Артикулен № Име на библиотеката - собственик Име на библиотеката, в която се намира в момента Статус (Текущо местоположение) Дата на вписване в системата Местоположение - отдел Цена в лева Инвентарен номер Систематично азбучна сигнатура Баркод Номер на екземпляра Цена в евро Служебна бележка Служебен тип на артикула Източник на класификационната схема
  Не е изгубен Не е повреден без рестрикции ползва се в читалня 79147 Регионална библиотека "Любен Каравелов" Русе Регионална библиотека "Любен Каравелов" Русе Хранилище 2005-06-23 Хранилище 0.00 120000695046 Цб 224236 120000695046 1 0.00 Дост: Dp Вид: Д N: 32 Дата: 28.07.2004 Книги  
  Не е изгубен Не е повреден без рестрикции ползва се в читалня 79148 Регионална библиотека "Любен Каравелов" Русе Регионална библиотека "Любен Каравелов" Русе Краезнание 2005-08-11 Краезнание 5.00 120000696227 К 821.163.2/К 60 Р 120000696227 2 2.56 Дост: DA Вид: А N: 20 Дата: 11.08.2005 Дата инв: 14.11.2017 Бележки инв: К2017 Книги Universal Decimal Classification
Vip Innovations Ltd, Rousse, Bulgaria 2025